• 首页
  • 本馆介绍
  • 公告通知
  • 最新文献
  • 馆藏检索
  • 电子资源
  • 读者导购
  • 参考咨询
  • 我的图书馆
  • 登录
  • 详细信息显示
  • 放入我的书架
  • 预约/预借图书
  • 作者相关作品
  • 分类相关作品
  • 丛书相关作品
  • 出版社相关作品

书目信息

  • 表格格式
  • 工作单格式
  • 卡片格式
题名:
数学学习论
    
 
作者: 郑君文 , 张恩华 著
分册:  
出版信息: 南宁   广西教育出版社  1996
页数: 229页
开本: 20cm
丛书名: 学科现代教育理论书系
单 册:
中图分类: O1-0 , G40-01
科图分类:
主题词: 数学-学习理论 , 学习理论-数学 , 教育学
电子资源:
ISBN: 7-5435-2527-5
000 00832nam2 2200301 45
001 0198003206
005 20040426145856.3
010    @a7-5435-2527-5@dCNY13.50
100    @a19950409d1996 kemy0chiy0121 ea
101 0  @achi
102    @aCN@b450000
105    @af z 000yy
106    @ar
200 10 @a数学学习论@Ashu xue xue xi lun@f郑君文,张恩华著
210    @a南宁@c广西教育出版社@d1996
215    @a229页@c肖像@d20cm
225 2  @a学科现代教育理论书系@i数学
300    @a国家“九五”重点图书出版规划项目
410  0 @120010@a学科现代教育理论书系
606    @a数学-学习理论
606    @a学习理论-数学
606 0  @a教育学
690    @aO1-0@v3
690    @aG40-01
701  0 @a郑君文@Azheng jun wen@4著
701  0 @a张恩华@Azhang en hua@4著
801  0 @aCN@bNLC@c19980119
905    @f1@b281229@dG40-01@e197:3
    
    数学学习论/郑君文,张恩华著.-南宁:广西教育出版社,1996
    229页:肖像;20cm.-(学科现代教育理论书系.数学)
    国家“九五”重点图书出版规划项目
    
    ISBN 7-5435-2527-5:CNY13.50
    
●
相关链接 在E读中查询图书 在五车中查询图书 在当当中查询图书 在豆瓣中查询图书


正题名:数学学习论     索取号:G40-01/197:3         预约/预借

序号 登录号 条形码 馆藏地/架位号 状态 备注
1 0281229   002812291   密集书库/ [索取号:G40-01/197:3] 在馆    
2 0281231   002812317   第一样本阅览室/ [索取号:G40-01/197:3] 在馆    
唐山师范学院图书馆 欢迎您!
大连网信软件有限公司© 版权所有